Microsoft windows XP tips & shortcuts the finer point : a step by step approach

Bibliographic Details
Main Author: PALANI Murugappan
Format: Book
Published: Kuala Lumpur : Venton Pub. , 2002
Subjects:

MARC

LEADER 00000cam a2200000 7i4500
001 0000003117
005 20040527.0
020 0 0 |a 983203163X (v. 1) 9832031648 (v. 2) 
090 0 0 |a 005.4469   |b PAL 2002 
100 1 0 |a PALANI Murugappan 
245 1 0 |a Microsoft windows XP tips & shortcuts the finer point :   |b a step by step approach   |c Palani Murugappan 
260 0 0 |a Kuala Lumpur :   |b Venton Pub. ,   |c 2002 
300 |a 2v. (various pagings) :   |b ill. ;   |c 25 cm. 
640 0 0 |a Microsoft Windows (Computer file) 
650 0 0 |a Operating systems (Computers) 
998 |a JPSM 
999 |a 0000005553   |b Monograph   |c Open Shelf   |e Default branch 
999 |a 0000005554   |b Monograph   |c Open Shelf   |e Default branch